Catàleg del Col·legi de Periodistes de Catalunya

Memòria de dades desembre 2000 (Registre núm. 5229)

000 -CABECERA
Longitud fija campo de control 00319nam a2200133 a 4500
001 - NÚMERO DE CONTROL
Número de control 5229
003 - IDENTIFICADOR DEL NÚMERO DE CONTROL
Identificador del número de control CDMR
005 - FECHA Y HORA DE LA ÚLTIMA TRANSACCIÓN
Fecha y hora de la última transacción 20130116135306.0
008 - CÓDIGOS DE INFORMACIÓN DE LONGITUD FIJA
Códigos de información de longitud fija 130130s2000||||||||||||||||||||||||||||d
040 ## - FUENTE DE LA CATALOGACIÓN
Centro catalogador de origen CDMR
Lengua de catalogación cat
Centro transcriptor CPC GIRONA
245 #0 - MENCIÓN DE TÍTULO
Título Memòria de dades desembre 2000
260 ## - PUBLICACIÓN, DISTRIBUCIÓN, ETC. (PIE DE IMPRENTA)
Fecha de publicación, distribución, etc. 2000
Nombre del editor, distribuidor, etc. Universitat de Girona
942 ## - ENTRADA DE ELEMENTOS AGREGADOS (KOHA)
Koha [por defecto] tipo de item Monografies
Fons
Suprimido Perdido Estropeado No para préstamo Localización permanente Localización actual Fecha adquisición Préstamos totales Signatura completa Código de barras Fecha última consulta Fecha del precio de reemplazo Tipo de item de Koha
        CPC Girona CPC Girona 2010-12-03   Ae 882 GIRONA1412301447 2013-01-16 2013-01-16 Monografies

Implantat amb Koha